Bananas - Sudden Death - Statistics

General Stats
  • This quiz has been taken 52 times
  • The average score is 10 of 10
Answers on the Grid
Answers color-coded by a green-red scale on the quiz's grid according to % correct below.
 
Answer Stats
Answer % Correct
100%
98%
98%
98%
98%
98%
98%
98%
95%
95%
No matching quizzes found
Score Distribution
Percent of People with Each Score
Percentile by Number Answered
Your Score History
You have not taken this quiz